Legal financial obligations and probation: Findings from the 1995 Survey of Adults on Probation

Saved in:  
Bibliographic Details
Authors: White, Marshall L. (Author) ; Sabol, William J. (Author)
Format: Electronic Article
Language:English
Published: 2021
In: Social Sciences
Year: 2021, Volume: 10, Issue: 450
Online Access: Volltext (kostenfrei)
Check availability: HBZ Gateway

MARC

LEADER 00000caa a22000002c 4500
001 191260793X
003 DE-627
005 20250113055003.0
007 cr uuu---uuuuu
008 241217s2021 xx |||||o 00| ||eng c
024 7 |a 10.3390/socsci10120450  |2 doi 
035 |a (DE-627)191260793X 
035 |a (DE-599)KXP191260793X 
040 |a DE-627  |b ger  |c DE-627  |e rda 
041 |a eng 
084 |a 2,1  |2 ssgn 
100 1 |a White, Marshall L.  |e VerfasserIn  |4 aut 
245 1 0 |a Legal financial obligations and probation: Findings from the 1995 Survey of Adults on Probation 
264 1 |c 2021 
336 |a Text  |b txt  |2 rdacontent 
337 |a Computermedien  |b c  |2 rdamedia 
338 |a Online-Ressource  |b cr  |2 rdacarrier 
700 1 |a Sabol, William J.  |e VerfasserIn  |4 aut 
773 0 8 |i Enthalten in  |t Social Sciences  |d Basel : MDPI, 2012  |g 10(2021), 450  |h Online-Ressource  |w (DE-627)718660412  |w (DE-600)2663343-7  |w (DE-576)366121723  |x 2076-0760  |7 nnas 
773 1 8 |g volume:10  |g year:2021  |g number:450 
787 0 8 |i Forschungsdaten  |a United States Department of Justice. Office of Justice Programs. Bureau of Justice Statistics  |t Survey of Adults on Probation, 1995: (United States)  |d [Erscheinungsort nicht ermittelbar] : [Verlag nicht ermittelbar], 1999  |w (DE-627)1840060468 
856 |u https://www.mdpi.com/2076-0760/10/12/450/pdf?version=1637748849  |x unpaywall  |z Vermutlich kostenfreier Zugang  |h publisher [deprecated] 
856 4 0 |u https://doi.org/10.3390/socsci10120450  |x Resolving-System  |z kostenfrei  |3 Volltext  |7 0 
935 |a mkri 
951 |a AR 
ELC |a 1 
LOK |0 000 xxxxxcx a22 zn 4500 
LOK |0 001 4637573459 
LOK |0 003 DE-627 
LOK |0 004 191260793X 
LOK |0 005 20241217044643 
LOK |0 008 241217||||||||||||||||ger||||||| 
LOK |0 035   |a (DE-2619)ICPSR159792 
LOK |0 040   |a DE-2619  |c DE-627  |d DE-2619 
LOK |0 092   |o n 
LOK |0 852   |a DE-2619 
LOK |0 852 1  |9 00 
LOK |0 935   |a nacp 
LOK |0 939   |a 17-12-24  |b l01 
OAS |a 1 
ORI |a SA-MARC-krimdoka001.raw